|
|
|
|
| LEADER |
02543nam a22004093i 4500 |
| 001 |
EBC6764384 |
| 003 |
MiAaPQ |
| 005 |
20231204023219.0 |
| 006 |
m o d | |
| 007 |
cr cnu|||||||| |
| 008 |
231204s2020 xx o ||||0 ger d |
| 020 |
|
|
|a 9783839450710
|q (electronic bk.)
|
| 020 |
|
|
|z 9783732850716
|
| 035 |
|
|
|a (MiAaPQ)EBC6764384
|
| 035 |
|
|
|a (Au-PeEL)EBL6764384
|
| 035 |
|
|
|a (OCoLC)1198931834
|
| 040 |
|
|
|a MiAaPQ
|b eng
|e rda
|e pn
|c MiAaPQ
|d MiAaPQ
|
| 100 |
1 |
|
|a Engler, Steven.
|
| 245 |
1 |
0 |
|a Energiewende und Megatrends :
|b Wechselwirkungen von globaler Gesellschaftsentwicklung und Nachhaltigkeit.
|
| 250 |
|
|
|a 1st ed.
|
| 264 |
|
1 |
|a Bielefeld :
|b transcript,
|c 2020.
|
| 264 |
|
4 |
|c ©2020.
|
| 300 |
|
|
|a 1 online resource (392 pages)
|
| 336 |
|
|
|a text
|b txt
|2 rdacontent
|
| 337 |
|
|
|a computer
|b c
|2 rdamedia
|
| 338 |
|
|
|a online resource
|b cr
|2 rdacarrier
|
| 490 |
1 |
|
|a Edition Politik ;
|v v.93
|
| 505 |
0 |
|
|a Intro -- Inhalt -- Mit dem Wissen von heute für eine Welt von morgen -- Einleitung: Energiewende und Megatrends -- Megatrends: Entwicklung, Konzept, Kritik -- Kontext bitte! -- Trends und Megatrends als Ansatzder modernen Zukunftsforschung -- Irrwege und Entwicklungspfade -- Quid agis, Megatrend? -- Megatrends im Kontext von Energiewende und Nachhaltigkeit -- Was nützt die Wende in Gedanken? -- Umbrüche und Verunsicherungen -- »Einfach zu viele Autos«: Neue Antriebe alleine reichen nicht. -- Die Post-Landwirtschaftliche Revolution -- Empowerment in Transformations-Arenen -- Die Energiewende als Werk ausgewählter Gemeinschaften? -- Zwischen Wettbewerbsfähigkeit und Versorgungssicherheit -- Megatrends und die Energiewende in NRWaus Sicht kommunaler Akteure -- Urbane nachhaltige Entwicklung am Beispiel von Initiativen in Gießen und Essen -- Transformation von unten gestalten -- Biographische Angaben zu den Beiträger*innen.
|
| 588 |
|
|
|a Description based on publisher supplied metadata and other sources.
|
| 590 |
|
|
|a Electronic reproduction. Ann Arbor, Michigan : ProQuest Ebook Central, 2023. Available via World Wide Web. Access may be limited to ProQuest Ebook Central affiliated libraries.
|
| 655 |
|
4 |
|a Electronic books.
|
| 700 |
1 |
|
|a Janik, Julia.
|
| 700 |
1 |
|
|a Wolf, Matthias.
|
| 776 |
0 |
8 |
|i Print version:
|a Engler, Steven
|t Energiewende und Megatrends
|d Bielefeld : transcript,c2020
|z 9783732850716
|
| 797 |
2 |
|
|a ProQuest (Firm)
|
| 830 |
|
0 |
|a Edition Politik
|
| 856 |
4 |
0 |
|u https://ebookcentral.proquest.com/lib/matrademy/detail.action?docID=6764384
|z Click to View
|